000 01266nam a2200265Ia 4500
001 20464
003 GE_BSU
008 181216s||||||||xx |||||||||||||| ||und||
020 _a99940-12-92-4
040 _cGE_BSU
080 _a811.353.1'373.2
245 _aქართველური ონომასტიკა. კრ. 2
245 _cრედ.: პაატა ცხადაია
250 _aთსუ-ს ახალი ქართული ენის კათედრასთან არსებ. ფარნაოზ ერთელიშვილის სახ. ონომასტიკის სამეცნ.-კვლევ. ლაბორატორია
260 _aთბილისი
260 _bთბილ. უნ-ტის გამ-ბა
260 _c1998
300 _a361 გვ.20 სმ.
520 _aეძღვნება ფარნაოზ ერთელიშვილის დაბადებიდან 80 წლისთავს.
541 _h11ლ.40თ.
653 _aერთელიშვილი ფარნაოზ
653 _aქართველური ონომასტიკა. კრ. 2
653 _aქსეროქსი
942 _cBK
999 _c53421
_d53421